ბათუმის შოთა რუსთაველის სახელმწიფო უნივერსიტეტის ბიბლიოთეკა

სქესობრივი დანაშაულები = Sexual offences / (ბიბ.ჩანაწერი № 59047)

000 -ლიდერი
ფიქსირებული სიგრძის საკონტროლო ველი 01862nam a22002657a 4500
003 - საკონტროლო ნომრის იდენტიფიკატორი
საკონტროლო ველი Ge_BSU
005 - ბოლო ოპერაციის თარიღი და დრო
საკონტროლო ველი 20221111112643.0
008 - ფიქსირებული სიგრძის მონაცემთა ელემენტები - ზოგადი ინფორმაცია
ფიქსირებული სიგრძის საკონტროლო ველი 221111s2020ge xxu||||| |||| 00| 0 geo d
020 ## - წიგნის საერთაშორისო სტანდარტული ნომერი
International Standard Book Number 9789941969850
041 ## - ენის კოდი
Language code of text/sound track or separate title geo
080 ## - უნივერსალური ათობითი კლასიფიკაციის ინდექსი
Universal Decimal Classification number 343.541(479.22) გ-26
100 ## - მთავარი ჩანაწერი - პიროვნების სახელი
Personal name გეგელია, თამარ.
9 (RLIN) 15769
245 ## - ცნობა სათაურის შესახებ
Title სქესობრივი დანაშაულები = Sexual offences /
Statement of responsibility, etc თამარ გეგელია, იზა კელენჯერიძე, ბაჩანა ჯიშკარიანი ; სამეცნიერო რედ. ბაჩანა ჯიშკარიანი.
264 ## - წარმოების, გამოცემის, დისტრიბუციის და სხვა ცნობები
გამოცემის, წარმოების, დისტრიბუციის... ადგილი თბილისი :
გამოცემის, წარმოების, დისტრიბუციის... სახელწოდება იურისტების სამყარო,
გამოცემის, წარმოების, დისტრიბუციის... თარიღი 2020.
300 ## - ფიზიკური აღწერა
Extent 188 გვ. ;
Other physical details 24 სმ.
504 ## - BIBLIOGRAPHY, ETC. NOTE
Bibliography, etc ბიბლიოგრაფია ტექსტის შენიშვნებში და გვ. 179-187.
653 ## - INDEX TERM--UNCONTROLLED
Uncontrolled term სქესობრივი დანაშაულები ქართულ სისხლის .სამართალში ; სქესობრივი დანაშაულები ცალკეულ ქვეყნებში ; სასჯელთა პროპორციულობა სქესობრივ დანაშაულებში.
653 ## - INDEX TERM--UNCONTROLLED
Uncontrolled term სამართალი
700 ## - ADDED ENTRY--PERSONAL NAME
Personal name გეგელია, თამარ
9 (RLIN) 15773
700 ## - ADDED ENTRY--PERSONAL NAME
Personal name კელენჯერიძე, იზა
9 (RLIN) 15774
700 ## - ADDED ENTRY--PERSONAL NAME
Personal name ჯიშკარიანი, ბაჩანა
9 (RLIN) 15775
710 ## - ADDED ENTRY--CORPORATE NAME
Corporate name or jurisdiction name as entry element გამოცემულია საქართველოს ღია საზოგადოების ფონდის ფინანსური მხარდაჭერით.
9 (RLIN) 15776
773 ## - HOST ITEM ENTRY
Title ნაჩუქარი
942 ## - ADDED ENTRY ELEMENTS (KOHA)
Source of classification or shelving scheme
Koha item type წიგნი
ეგზემპლარები
ჩამოწერის სტატუსი დაკარგული ეგზემპლარის სტატუსი კლასიფიკაციის წყარო ან თაროზე გაწყობის სქემა დაზიანების სტატუსი არ გაიცემა მუდმივი მდებარეობა (დაცვის ადგილი) ამჟამინდელი ადგილსამყოფელი თაროზე განთავსების ადგილი შეძენის თარიღი ღირებულება, შესყიდვის ნორმალური ფასი სრული შენახვის შიფრი შტრიხკოდი ბოლო ოპერაციის თარიღი ეგზემპლარის მიმდევრობითი ნომერი (კეტერი?) ფასის ძალაში შესვლის თარიღი ეგზემპლარის სახეობა საჯარო შენიშვნა
          ბათუმის შოთა რუსთაველის სახელმწიფო უნივერსიტეტის მთავარი ბიბლიოთეკა ბათუმის შოთა რუსთაველის სახელმწიფო უნივერსიტეტის მთავარი ბიბლიოთეკა წიგნსაცავი 2022-11-11 12.00 343.541(479.22) გ-26 63132 2022-11-11 63132 2022-11-11 წიგნი 12.00